| 000 | 00409nac a22001331u 4500 | ||
|---|---|---|---|
| 008 | 090318t xxu||||| |||| 00| 0 eng d | ||
| 020 | _a0077104293 | ||
| 082 |
_a330.024658 _bB416 |
||
| 245 |
_aEconomics for business / _c David Begg, Damian Ward. |
||
| 260 |
_aLondon : _b McGraw-Hill,2003 _c2003. |
||
| 300 |
_axvii,414 p. : _bCol ill. ; _c27 cm. |
||
| 500 | _aIncludes index | ||
| 942 |
_cBB _k330.024658 B416 _2ddc |
||
| 999 |
_c2414 _d2414 |
||